000 00865nam a22002537a 4500
003 OSt
005 20240530110427.0
008 150323s2012 ua abf f b 001 0 fre d
020 _a9782724706208
022 _20257411
040 _aEG-CaGPL
_cEG-CaGPL
082 0 4 _221
_a932
_bCC/B C
100 1 _aBeaux , Nathalie
245 _aLa Chapelle D'Hathor :
_bTemple D'Hatchepsout A Deir EL Bahari /
_cNathalie Beaux , Nicolas Grimal , Gael Pollin
_n1 Vesti
_pVestibule Et Sanctuaires : 2- Figures
260 _aLe Caire :
_bInstitut Francais D'Archeologie Orientale ,
_c2012 .
300 _a3 v. :
_bill. ;
_c30 cm.
504 _aIncludes bibliographical references and index.
650 0 _aLa Chapelle
650 0 _aLa Chapelle D'Hathor
_xFigures
700 1 _aGrimal , Nicolas
700 1 _aPollin , Gael
942 _2ddc
_cBK
999 _c60772
_d60772